Most Walkable US & Canadian Cities - Statistics

General Stats
  • This quiz has been taken 784 times
  • The average score is 7 of 10
Answer Stats
walkscore city % Correct
88 New York
96%
82 Boston
88%
79 Vancouver
86%
77 Chicago
82%
87 San Francisco
78%
74 Seattle
76%
79 Philadelphia
73%
78 Miami
69%
76 Washington
65%
74 Oakland
9%
No matching quizzes found
Score Distribution
Percent of People with Each Score
Percentile by Number Answered
Your Score History
You have not taken this quiz